| 000 | 00920nam a2200289 a 4500 | ||
|---|---|---|---|
| 003 | MX-MxUPN | ||
| 005 | 20241001063944.0 | ||
| 008 | 991125s1908 nyu gr 000 0 eng d | ||
| 035 | _aUPN01000045135 | ||
| 040 |
_aMX-MxUPN _bspa _cMX-MxUPN |
||
| 041 | _aeng | ||
| 050 | 4 |
_aBF717 _bG76 1908 |
|
| 100 | 1 |
_aGroos, Karl, _d1861-1946 _930171 |
|
| 245 | 1 | 4 | _aThe play of man |
| 260 |
_aNew York : _bD. Appleton and Company, _c1908. |
||
| 300 | _aix, 412 páginas | ||
| 504 | _aIncluye índice. | ||
| 650 | 4 |
_aJuegos infantiles _96445 |
|
| 650 | 4 |
_aNiño, Estudio del _9221 |
|
| 650 | 4 |
_aPsicología infantil _990 |
|
| 700 | 1 |
_952997 _aBaldwin, Elizabeth L. _etraducción |
|
| 700 | 1 |
_aBaldwin, James Mark, _d1861-1934 _eprefacio _951375 |
|
| 710 | 2 |
_aInstituto Nacional de Investigación Educativa (México) _epropietario anterior _928086 |
|
| 902 | _bMaríaRobles/120824 | ||
| 905 | _aLibro | ||
| 942 |
_2lcc _cLIBRO _n0 |
||
| 999 |
_c45135 _d45135 |
||